LEADER 01125nam a2200253 i 4500 001 000000353856 003 CaOOAMICUS 005 20230517141534.0 008 230517s2022 it u000 u ita u 020 $a978-88-372-3595-6 040 $aSeMil$bita 100 1 $aMoreschini, Claudio,$d<1938- >.$0(OLS)http://semarc/name/4 245 10$a1: Teologia e filosofia /$cClaudio Moreschini. 264 1$aBrescia :$bMorcelliana,$c2022. 300 $a312 p. ;$c23 cm. 490 1 $aLetteratura cristiana antica. Nuova serie ;$v36 773 0 $aMoreschini, Claudio <1938- >$tStudi patristici.$dBrescia : Morcelliana, 2022.$kLetteratura cristiana antica. Nuova serie$g1$w()353855 830 0$aLetteratura cristiana antica. Nuova serie ;$v36.$0(OLS)http://semarc/title/20700 850 $aSeMil 852 $aSeMil$W1$xVenegono$y1$m2TA D 36$j240428$B245063$CSeMilBibl$Z2$F245063 $81 996 $6020$a978-88-372-3595-6$9(OLS)http://semarc/number/298203 996 $6245$a1: Teologia e filosofia$9(OLS)http://semarc/title/443994 996 $6264$aBrescia :$bMorcelliana$9(OLS)http://semarc/publisher/29629 LEADER 01159nam a2200277 i 4500 001 000000040737 003 CaOOAMICUS 005 20110506000000.0 008 110506s1994 xx u000 u fre u 013 $a11907 020 $a2-503-50311-X 040 $aSeMil$bita 100 1 $aBerlioz, Jacques,$d<1953- >.$0(OLS)http://semarc/name/173 245 10$aIdentifier sources et citations /$cJacques Berlioz ; avec la collaboration de Joseph Avril ... [et al.]. 260 $a[Belgique] :$bBrepols,$c1994. 300 $a336 p. ;$c24 cm. 490 0 $aL'atelier du médiéviste ;$v1 650 4$aStoria medievale - Fonti.$0(OLS)http://semarc/subject/6624 700 1 $aAvril, Joseph.$0(OLS)http://semarc/name/19957 830 2$aL'atelier du médiéviste ;$v1.$0(OLS)http://semarc/title/265 850 $aSeMil 852 $aSeMil$W1$xVenegono$y1$m3WA IV 11$j6892$B6892$CSeMilBibl$Z2$F6892 $81 961 $aAcquisto: Casa editrice 996 $6020$a2-503-50311-X$9(OLS)http://semarc/number/11114 996 $6245$aIdentifier sources et citations$9(OLS)http://semarc/title/58657 996 $6260$a[Belgique] :$bBrepols$9(OLS)http://semarc/publisher/40148